00845nam a2200193 a 4500001000900000005001700009008004100026040001800067050002100085100002800106245007300134260007800207300002200285500010600307600005000413650004500463650004400508730009900552BRCA_30120190320202943.0851125s1978 mx-#---###---f000-0aspa-# aDLCcDLCdDLC 4aF1225b.L46 19781 aQuintana, José Miguel10aCorrespondencia del doctor Nicolás LeóncJosé Miguel Quintana. a[México (Ciudad)bInstituto de Investigaciones Bibliográficas,c1978] ap. 74-478c23 cm. aSobretiro del Boletín del Instituto de Investigaciones Bibliográficas, número 14-15, 1977-1978.14aLeón, Nicolásd1859-1929xCorrespondencia14aHistoriadoresxCorrespondenciazMéxico14aIndigenistasxCorrespondenciazMéxico0 aBoletín del Instituto de Investigaciones Bibliográficasnno. 14-15, 1977-1978 (Suplemento)